00206 a2200121 4500001000700000020000600007040001100013100001800024240001500042245001000057362000900067440000800076178496 a  cMagnum aDiogo, Andrea10aLinhalpor10aLinha0 a1899 1aRHJ